000 00504nam a2200181Ia 4500
005 20250508154832.0
008 008 250505s9999 xx 000 0 eng d
037 _aTextual
040 _aFEDL
_beng
_cFEDL
041 _aeng
_2eng
084 _a371.76, HIL
_qFEDL
100 _aHilu Virginia Ed.
_9317728
245 0 _aSex education and the schools
260 _aNew York, USA
_bHarper and Row
_c1967
300 _axv,153p.
942 _cTEXL
_h371.76, HIL
999 _c1352391
_d1352391